Normal view
MARC view
Entry Personal Name
001 - CONTROL NUMBER
- control field: 17001
003 - CONTROL NUMBER IDENTIFIER
- control field: ARRUPE
005 - DATE AND TIME OF LATEST TRANSACTION
- control field: 20150408173622.0
008 - FIXED-LENGTH DATA ELEMENTS
- fixed length control field: 150408|| aca||aabn | a|a d
040 ## - CATALOGING SOURCE
- Original cataloging agency: ARRUPE
- Transcribing agency: ARRUPE
100 ## - HEADING--PERSONAL NAME
- Personal name: Josemaria, Escriva, St
670 ## - SOURCE DATA FOUND
- Source citation: Work cat.: (ARRUPE)29102: Bernal, Salvador 16878, A Profile of Monsignor Escriva De Balaguer Founder of Opus Dei